00305nam a2200121Ia 4500008004100000041000800041082001600049100001700065245003700082260003900119300001300158365001200171240624s9999 xx 000 0 und d aeng a378.107 SMI aSMITH DEAN O aMANAGING THE RESEARCH UNIVERSITY c2011aUSAbOxford University Press a384 : p. cGBPb29